Statistieken voor Kaart van Zuidoost-Azië Quiz

Klik hier om de quiz te nemen!

Algemene statistieken

  • Deze quiz is 138 keer genomen
  • De gemiddelde score is 9 van 11

Antwoorden op de kaart

Antwoorden kleurgecodeerd door een groen-rode schaal op de quizkaart volgens % correct hieronder.
 

Antwoordstatistieken

Antwoord% Correct
Indonesië
92%
Filipijnen
85%
Laos
81%
Vietnam
81%
Maleisië
79%
Singapore
79%
Thailand
79%
Myanmar
76%
Oost-Timor
74%
Cambodja
72%
Brunei
70%

Scoreverdeling

Percentiel versus Aantal Correcte Antwoorden

Procent van Mensen met Elke Score

Uw Scoregeschiedenis

U heeft deze quiz nog niet genomen